[Event "BCF-chT3W 2223 (4NCL)"]
[Site "England"]
[Date "2022.10.22"]
[Round "1.15"]
[White "Vaidyanathan, Adithya"]
[Black "Cooper, David M"]
[Result "1/2-1/2"]
[WhiteElo "1713"]
[BlackElo "2007"]
[PlyCount "74"]
[EventDate "2022.10.22"]
[EventType "team-tourn"]
[EventRounds "11"]
[EventCountry "ENG"]
[SourceTitle "EXT 2024"]
[Source "ChessBase"]
[SourceDate "2023.10.10"]
[SourceVersion "1"]
[SourceVersionDate "2023.10.10"]
[SourceQuality "1"]
[WhiteTeam "Warwicks Select II"]
[BlackTeam "Warwicks Select"]
[WhiteTeamCountry "ENG"]
[BlackTeamCountry "ENG"]

1. Nf3 d5 2. d4 Nf6 3. c4 c6 4. cxd5 cxd5 5. Bf4 Nc6 6. Nbd2 Qb6 7. e3 Bf5 8. Qb3 e6 9. Bb5 Nd7 10. 0-0 Be7 11. Rac1 0-0 12. a3 Rac8 13. Rc3 Na5 14. Qa4 Rxc3 15. bxc3 Bc2 16. Qxc2 Qxb5 17. Rb1 Qa6 18. Qb2 Rc8 19. e4 dxe4 20. Nxe4 Qd3 21. Re1 b6 22. Nfd2 Qa6 23. Qa2 Nc4 24. Nxc4 Qxc4 25. Qd2 Nf6 26. Nxf6+ Bxf6 27. Re3 Be7 28. Rg3 Qb3 29. h3 Qxa3 30. Be5 g6 31. c4 Qb4 32. Qh6 Bf8 33. Qf4 Bg7 34. Rf3 Qe7 35. Bd6 Qd7 36. c5 bxc5 37. dxc5 Qb7 1/2-1/2

[Event "BCF-chT 2122 (4NCL)"]
[Site "England"]
[Date "2021.11.27"]
[Round "1.28"]
[White "Cooper, David M"]
[Black "Akeya Price, Robert A"]
[Result "1/2-1/2"]
[WhiteElo "2001"]
[BlackElo "1927"]
[PlyCount "45"]
[EventDate "2021.11.27"]
[EventType "team-swiss"]
[EventRounds "11"]
[EventCountry "ENG"]
[SourceTitle "EXT 2023"]
[Source "ChessBase"]
[SourceDate "2022.10.05"]
[SourceVersion "1"]
[SourceVersionDate "2022.10.05"]
[SourceQuality "1"]
[WhiteTeam "Warwicks Select"]
[BlackTeam "Chess.com Manx Liberty"]
[WhiteTeamCountry "ENG"]
[BlackTeamCountry "ENG"]

1. Nf3 d5 2. c4 e6 3. g3 Nf6 4. Bg2 Be7 5. 0-0 0-0 6. b3 b6 7. Bb2 Bb7 8. d3 Nbd7 9. Nbd2 c5 10. e3 Rc8 11. Qe2 Qc7 12. Rac1 Qb8 13. Rfd1 Rfd8 14. a3 Ba6 15. a4 e5 16. e4 d4 17. Nh4 g6 18. Bh3 Rc6 19. Rf1 Bc8 20. Ng2 Nf8 21. Bxc8 Qxc8 22. f4 Qg4 23. Rce1 1/2-1/2

[Event "BCF-chT4S 1819 (4NCL)"]
[Site "England"]
[Date "2019.05.06"]
[Round "11.102"]
[White "Karamazondo, Ernest"]
[Black "Cooper, David M"]
[Result "1-0"]
[WhiteElo "1937"]
[BlackElo "2031"]
[PlyCount "53"]
[EventDate "2018.11.17"]
[EventType "team-swiss"]
[EventRounds "11"]
[EventCountry "ENG"]
[SourceTitle "EXT 2021"]
[Source "ChessBase"]
[SourceDate "2020.10.23"]
[SourceVersion "1"]
[SourceVersionDate "2020.10.23"]
[SourceQuality "1"]
[WhiteTeam "Watford"]
[BlackTeam "Warwicks Select II"]
[WhiteTeamCountry "ENG"]
[BlackTeamCountry "ENG"]

1. e4 e6 2. d4 d5 3. e5 c5 4. c3 Nc6 5. Nf3 Bd7 6. a3 f6 7. Bd3 Qc7 8. 0-0 c4 9. Bc2 0-0-0 10. Bf4 Qb6 11. Bc1 fxe5 12. dxe5 h6 13. Nbd2 Na5 14. Nd4 Bc5 15. b4 cxb3 16. N4xb3 Ne7 17. Nxa5 Qxa5 18. Nb3 Qc7 19. a4 Rde8 20. Nxc5 Qxc5 21. Ba3 Qxc3 22. Bg6 Qxe5 23. Bxe8 Rxe8 24. Re1 Qf5 25. Qd4 Nc6 26. Rac1 a6 27. Bd6 1-0

[Event "BCF-chT4S 1819 (4NCL)"]
[Site "England"]
[Date "2019.02.09"]
[Round "5.22"]
[White "Cooper, David M"]
[Black "Webb, Richard M"]
[Result "1/2-1/2"]
[WhiteElo "2031"]
[BlackElo "2206"]
[PlyCount "73"]
[EventDate "2018.11.17"]
[EventType "team-swiss"]
[EventRounds "11"]
[EventCountry "ENG"]
[SourceTitle "EXT 2021"]
[Source "ChessBase"]
[SourceDate "2020.10.23"]
[SourceVersion "1"]
[SourceVersionDate "2020.10.23"]
[SourceQuality "1"]
[WhiteTeam "Warwicks Select II"]
[BlackTeam "Crowthorne"]
[WhiteTeamCountry "ENG"]
[BlackTeamCountry "ENG"]

1. c4 c5 2. Nf3 Nf6 3. g3 d5 4. cxd5 Nxd5 5. Bg2 Nc6 6. Nc3 Nc7 7. 0-0 e5 8. d3 Be7 9. Nd2 Bd7 10. a4 0-0 11. Nc4 f6 12. Be3 Kh8 13. Nd5 Nxd5 14. Bxd5 Bh3 15. Bg2 Bxg2 16. Kxg2 Qd5+ 17. f3 Rad8 18. Bf2 f5 19. Qb3 Nd4 20. Bxd4 exd4 21. Nd2 Qe5 22. f4 Qc7 23. Nf3 Bf6 24. Rac1 Rfe8 25. Rf2 b6 26. Qb5 a5 27. Rc2 Qd6 28. h4 Re6 29. Qc4 Rde8 30. Rd2 g6 31. b3 Kg7 32. Qc2 h6 33. Qc1 Qe7 34. Rb2 Re3 35. Qf1 Qb7 36. Kg1 R8e6 37. Rg2 1/2-1/2

[Event "BCF-chT2a 1617 (4NCL)"]
[Site "England"]
[Date "2017.02.11"]
[Round "5.34"]
[White "Cooper, David M"]
[Black "Birtwistle, Nigel"]
[Result "0-1"]
[WhiteElo "2051"]
[BlackElo "2142"]
[PlyCount "78"]
[EventDate "2016.11.19"]
[EventType "team-tourn"]
[EventRounds "11"]
[EventCountry "ENG"]
[SourceTitle "EXT 2019"]
[Source "ChessBase"]
[SourceDate "2018.10.10"]
[SourceVersion "1"]
[SourceVersionDate "2018.10.10"]
[SourceQuality "1"]
[WhiteTeam "Warwicks Select II"]
[BlackTeam "Grantham Sharks II"]
[WhiteTeamCountry "ENG"]
[BlackTeamCountry "ENG"]

1. c4 e5 2. g3 Nf6 3. Bg2 c6 4. d4 exd4 5. Qxd4 Na6 6. Nf3 Bc5 7. Qd1 0-0 8. 0-0 d5 9. cxd5 Nxd5 10. a3 h6 11. e4 Nf6 12. Qxd8 Rxd8 13. Nc3 Be6 14. b4 Be7 15. Be3 Nc7 16. Rfd1 Rxd1+ 17. Rxd1 a5 18. bxa5 Bxa3 19. Bb6 Na6 20. Nd4 Bc4 21. Nf5 Bb4 22. Rd4 Be6 23. Ne2 Nd7 24. Nd6 Nxb6 25. axb6 Bc5 26. Rd2 Bxb6 27. Nxb7 Nc5 28. h4 Nxb7 29. Rb2 Ra6 30. Nf4 Bc4 31. e5 Bb5 32. e6 fxe6 33. Nxe6 Nc5 34. Nf4 Bc7 35. Nd5 Be5 36. Rc2 Nd3 37. Ne7+ Kf7 38. Nxc6 Bxc6 39. Bxc6 Nb4 0-1

[Event "BCF-chT3Sb 1516 (4NCL)"]
[Site "England"]
[Date "2015.11.15"]
[Round "2.95"]
[White "Cooper, David M"]
[Black "Jones, Steven"]
[Result "1/2-1/2"]
[WhiteElo "2056"]
[BlackElo "2160"]
[PlyCount "41"]
[EventDate "2015.11.14"]
[EventType "team-swiss"]
[EventRounds "7"]
[EventCountry "ENG"]
[SourceTitle "CBM 169 Extra"]
[Source "ChessBase"]
[SourceDate "2015.12.18"]
[SourceVersion "1"]
[SourceVersionDate "2015.12.18"]
[SourceQuality "1"]

1. e4 c5 2. Nc3 Nc6 3. Bb5 Nd4 4. Bc4 e6 5. Nge2 Nf6 6. 0-0 a6 7. d3 b5 8. Bb3 Nxb3 9. axb3 Bb7 10. f4 d5 11. e5 d4 12. exf6 dxc3 13. f5 Qxf6 14. fxe6 cxb2 15. Bxb2 Qxb2 16. exf7+ Kd7 17. c3 g5 18. Rb1 Qa2 19. Ra1 Qb2 20. Rb1 Qa2 21. Ra1 1/2-1/2

[Event "BCF-chT3S 1415 (4NCL)"]
[Site "England"]
[Date "2014.11.15"]
[Round "1.215"]
[White "Cooper, David M"]
[Black "Martin Perez, Javier"]
[Result "1/2-1/2"]
[WhiteElo "2058"]
[BlackElo "2020"]
[PlyCount "37"]
[EventDate "2014.11.15"]
[EventType "team-swiss"]
[EventRounds "6"]
[EventCountry "ENG"]
[SourceTitle "CBM 163 Extra"]
[Source "ChessBase"]
[SourceDate "2014.12.23"]
[SourceVersion "1"]
[SourceVersionDate "2014.12.23"]
[SourceQuality "1"]
[WhiteTeam "Warwicks Select II"]
[BlackTeam "Rhyfelwyr Essyllwg II"]
[WhiteTeamCountry "ENG"]
[BlackTeamCountry "ENG"]

1. e4 e6 2. d4 d5 3. Nc3 Bb4 4. Nge2 dxe4 5. a3 Be7 6. Nxe4 Nd7 7. Bf4 Ngf6 8. Qd3 0-0 9. 0-0-0 b6 10. N2c3 Bb7 11. Be2 Nxe4 12. Nxe4 Nf6 13. Bf3 Nd5 14. Bd2 Qc8 15. Nc3 Rd8 16. Nxd5 Bxd5 17. Bxd5 Rxd5 18. c4 Rd8 19. Qe4 1/2-1/2

[Event "BCF-chT2c 0809 (4NCL) Promotion pool"]
[Site "Hinckley Island"]
[Date "2009.05.03"]
[Round "10.7"]
[White "Rice, Christopher"]
[Black "Cooper, David M"]
[Result "1/2-1/2"]
[WhiteElo "2116"]
[BlackElo "2097"]
[PlyCount "141"]
[EventDate "2008.10.04"]
[EventType "team-tourn"]
[EventRounds "4"]
[EventCountry "ENG"]
[SourceTitle "EXT 2010"]
[Source "ChessBase"]
[SourceDate "2010.11.25"]
[SourceVersion "1"]
[SourceVersionDate "2010.11.25"]
[SourceQuality "1"]
[WhiteTeam "Jutes of Kent"]
[BlackTeam "Warwicks Select"]
[WhiteTeamCountry "ENG"]
[BlackTeamCountry "ENG"]

1. c4 b6 2. Nc3 Bb7 3. e4 e6 4. Nge2 Bb4 5. a3 Bxc3 6. Nxc3 c5 7. g3 Ne7 8. Bg2 Nbc6 9. 0-0 Nd4 10. d3 0-0 11. Be3 d6 12. b4 d5 13. exd5 exd5 14. bxc5 bxc5 15. Rb1 Bc6 16. cxd5 Nxd5 17. Bxd4 cxd4 18. Nxd5 Bxd5 19. Re1 Rc8 20. Rb4 Bxg2 21. Kxg2 Rc3 22. Re4 Rxa3 23. Rbxd4 Qc7 24. Qf3 a5 25. Qe3 Qb7 26. Qf3 h6 27. Rd6 Rb3 28. Ra4 Qb5 29. Rg4 f5 30. Rgd4 Qb7 31. Qxb7 Rxb7 32. Ra6 Rb5 33. Ra4 Rd8 34. R6xa5 Rxa5 35. Rxa5 Rxd3 36. Rxf5 g6 37. Rf3 Rd4 38. Kf1 Kg7 39. Kg2 Re4 40. Re3 Rd4 41. Kf3 Kf6 42. Ra3 h5 43. Ra6+ Kf5 44. Ra5+ Kf6 45. Ke3 Rc4 46. h4 Rb4 47. Rd5 Ra4 48. Rd4 Ra5 49. Rb4 Rc5 50. Rd4 Rb5 51. f3 Re5+ 52. Re4 Ra5 53. Re8 Ra4 54. Rf8+ Kg7 55. Rd8 Kf6 56. Rd5 Rb4 57. Rg5 Rb3+ 58. Ke4 Rb4+ 59. Ke3 Rb3+ 60. Ke2 Rb2+ 61. Ke1 Rb1+ 62. Kd2 Rb3 63. f4 Ra3 64. Ke2 Rb3 65. Kf2 Rb2+ 66. Ke3 Rb3+ 67. Kd4 Ra3 68. Kc4 Rf3 69. Kd5 Re3 70. Kd4 Ra3 71. Ke4 1/2-1/2

[Event "BCF-chT3 0809 (4NCL)"]
[Site "Hinckley Island"]
[Date "2009.03.21"]
[Round "7.4"]
[White "Cole, Tristram C"]
[Black "Cooper, David M"]
[Result "1/2-1/2"]
[WhiteElo "1970"]
[BlackElo "2085"]
[PlyCount "50"]
[EventDate "2008.10.18"]
[EventType "team-swiss"]
[EventRounds "11"]
[EventCountry "ENG"]
[SourceTitle "EXT 2010"]
[Source "ChessBase"]
[SourceDate "2010.11.25"]
[SourceVersion "1"]
[SourceVersionDate "2010.11.25"]
[SourceQuality "1"]
[WhiteTeam "Braille Chess Association"]
[BlackTeam "Warwicks Select II"]
[WhiteTeamCountry "ENG"]
[BlackTeamCountry "ENG"]

1. e4 e6 2. d4 d5 3. Be3 dxe4 4. Nd2 Nf6 5. c3 Bd7 6. Qc2 Bc6 7. Ne2 Nbd7 8. Ng3 Be7 9. Ngxe4 Nxe4 10. Nxe4 Nf6 11. Bd3 Nxe4 12. Bxe4 Bxe4 13. Qxe4 Qd5 14. Qxd5 exd5 15. 0-0 Bd6 16. Rfe1 Kd7 17. Re2 Rae8 18. Rae1 Re6 19. Kf1 Rhe8 20. Bd2 h5 21. h3 Rxe2 22. Rxe2 Re6 23. Rxe6 Kxe6 24. Ke2 Kf5 25. Kf3 c6 1/2-1/2

[Event "BCF-chT3 0809 (4NCL)"]
[Site "Hinckley Island"]
[Date "2009.02.07"]
[Round "5.3"]
[White "Feavyour, John"]
[Black "Cooper, David M"]
[Result "0-1"]
[WhiteElo "2073"]
[BlackElo "2085"]
[PlyCount "76"]
[EventDate "2008.10.18"]
[EventType "team-swiss"]
[EventRounds "11"]
[EventCountry "ENG"]
[SourceTitle "EXT 2010"]
[Source "ChessBase"]
[SourceDate "2010.11.25"]
[SourceVersion "1"]
[SourceVersionDate "2010.11.25"]
[SourceQuality "1"]
[WhiteTeam "ICENI"]
[BlackTeam "Warwicks Select II"]
[WhiteTeamCountry "ENG"]
[BlackTeamCountry "ENG"]

1. d4 d5 2. c4 e6 3. Nc3 Nf6 4. Bg5 Be7 5. cxd5 exd5 6. e3 0-0 7. Bd3 c6 8. Qc2 Nbd7 9. Nf3 Re8 10. 0-0 h6 11. Bf4 Nf8 12. h3 Bd6 13. Ne5 Qe7 14. Rae1 N6d7 15. Nf3 Bxf4 16. exf4 Qd8 17. Rxe8 Qxe8 18. Re1 Qd8 19. Qe2 Nf6 20. f5 Qd6 21. Ne5 Bd7 22. g4 c5 23. dxc5 Qxc5 24. Nxd7 N8xd7 25. Qf3 a6 26. h4 Qb4 27. g5 hxg5 28. hxg5 Ng4 29. a3 Qxb2 30. Nxd5 Nde5 31. Qg3 Nxd3 32. Ne7+ Kf8 33. Re4 Qxf2+ 34. Qxf2 Ndxf2 35. Re2 Re8 36. f6 gxf6 37. gxf6 Nxf6 38. Rxf2 Kxe7 0-1

[Event "BCF-chT4 0506 (4NCL)"]
[Site "West Bromwich"]
[Date "2006.05.27"]
[Round "9.4"]
[White "Firth, Malcolm"]
[Black "Cooper, David M"]
[Result "1/2-1/2"]
[WhiteElo "2130"]
[BlackElo "2080"]
[PlyCount "49"]
[EventDate "2005.11.05"]
[EventType "team"]
[EventRounds "11"]
[EventCountry "ENG"]
[SourceTitle "CBM 109 Extra"]
[Source "ChessBase"]
[SourceDate "2006.01.03"]
[SourceVersion "2"]
[SourceVersionDate "2006.01.03"]
[SourceQuality "1"]
[WhiteTeam "3CS Oldham II"]
[BlackTeam "Warwicks Select II"]
[WhiteTeamCountry "ENG"]
[BlackTeamCountry "ENG"]

1. d4 d5 2. c4 Nc6 3. Nf3 Bg4 4. e3 e5 5. cxd5 Qxd5 6. Nc3 Bb4 7. Bd2 Bxc3 8. bxc3 e4 9. c4 Qh5 10. Qb1 0-0-0 11. Ng1 Nf6 12. Ne2 Bxe2 13. Bxe2 Qg5 14. g3 Rhe8 15. h4 Qf5 16. h5 g6 17. Qb5 Qxb5 18. cxb5 Ne7 19. Rc1 Ned5 20. Kf1 g5 21. Kg2 Kb8 22. a4 h6 23. a5 g4 24. Rc5 Rg8 25. Rh4 1/2-1/2

[Event "BCF-chT4b 0405 (4NCL)"]
[Site "Telford"]
[Date "2005.05.30"]
[Round "11.1"]
[White "Mordue, A Tyson"]
[Black "Cooper, David M"]
[Result "1/2-1/2"]
[WhiteElo "2288"]
[BlackElo "2095"]
[PlyCount "77"]
[EventDate "2004.11.06"]
[EventType "team"]
[EventRounds "11"]
[EventCountry "ENG"]
[SourceTitle "EXT 2006"]
[Source "ChessBase"]
[SourceDate "2005.11.24"]
[SourceVersion "1"]
[SourceVersionDate "2005.11.24"]
[SourceQuality "1"]
[WhiteTeam "Braille Chess Association"]
[BlackTeam "Warwicks Select II"]
[WhiteTeamCountry "ENG"]
[BlackTeamCountry "ENG"]

1. e4 e6 2. d4 d5 3. Nd2 Nf6 4. Bd3 c5 5. e5 Nfd7 6. c3 Nc6 7. Ne2 cxd4 8. cxd4 f6 9. exf6 Qxf6 10. Nf3 h6 11. 0-0 Bd6 12. Nc3 0-0 13. Be3 Rd8 14. a3 Nf8 15. b4 Bd7 16. Re1 Be8 17. b5 Ne7 18. Ne5 Neg6 19. Ng4 Qe7 20. Bc1 Qc7 21. Bd2 Rac8 22. g3 Ne7 23. Ne5 Bxe5 24. Rxe5 Bg6 25. Bf1 Nf5 26. Qa4 Qb6 27. Ne2 Rc4 28. Qa5 Qxa5 29. Bxa5 Rdc8 30. Nf4 Nxd4 31. Nxg6 Nxg6 32. Re3 Rc1 33. Rxc1 Rxc1 34. Kg2 Kf7 35. h4 Nf5 36. Rb3 Ne5 37. b6 axb6 38. Rxb6 Rc7 39. Rxe6 1/2-1/2

[Event "BCF-chT4b 0405 (4NCL)"]
[Site "Telford"]
[Date "2005.02.27"]
[Round "6.4"]
[White "Cooper, David M"]
[Black "Cabero, Pablo Padilla"]
[Result "1-0"]
[WhiteElo "2095"]
[BlackElo "2015"]
[PlyCount "141"]
[EventDate "2004.11.06"]
[EventType "team"]
[EventRounds "11"]
[EventCountry "ENG"]
[SourceTitle "EXT 2006"]
[Source "ChessBase"]
[SourceDate "2005.11.24"]
[SourceVersion "1"]
[SourceVersionDate "2005.11.24"]
[SourceQuality "1"]
[WhiteTeam "Warwicks Select II"]
[BlackTeam "Brown Jack"]
[WhiteTeamCountry "ENG"]
[BlackTeamCountry "ENG"]

1. e4 Nf6 2. e5 Nd5 3. Qf3 Nb4 4. Qb3 c5 5. Nf3 e6 6. c3 N4c6 7. d4 d5 8. exd6 Bxd6 9. Be3 cxd4 10. Nxd4 Nxd4 11. Bxd4 0-0 12. Nd2 Nc6 13. Be3 Ne5 14. Be2 Bd7 15. Ne4 Bc6 16. Nxd6 Qxd6 17. Rd1 Qc7 18. 0-0 Bd5 19. Qa4 Nc4 20. Bc1 b5 21. Qc2 Qc6 22. f3 Qc5+ 23. Kh1 Rac8 24. Bd3 f5 25. Qf2 Qc6 26. Rfe1 a5 27. Bf4 Rfd8 28. b3 Nb6 29. Be5 a4 30. Bd4 Rb8 31. Qe2 axb3 32. Bxb5 Qb7 33. axb3 Bxb3 34. Rb1 Qd5 35. Bd3 Na4 36. Bc2 Bxc2 37. Qxc2 Rxb1 38. Qxb1 Nc5 39. Qb6 Nb7 40. Qxe6+ Qxe6 41. Rxe6 Kf7 42. Rb6 Rd7 43. Kg1 Nd8 44. Ra6 g6 45. Kf2 Nb7 46. h4 Nd6 47. Rc6 Nb5 48. Be3 Ke7 49. c4 Nc3 50. Bf4 Nd1+ 51. Kg3 Nc3 52. Bg5+ Kf7 53. c5 Ne2+ 54. Kf2 Nd4 55. Rf6+ Ke8 56. Be3 Nb3 57. Rb6 Na5 58. Ra6 Nc4 59. c6 Rc7 60. Bf4 Rc8 61. c7 Kd7 62. Rf6 Nb2 63. Rf7+ Ke6 64. Rxh7 Nd3+ 65. Ke3 Ne1 66. Kf2 Nd3+ 67. Kg3 Nxf4 68. Kxf4 Kf6 69. Ke3 Ke6 70. Kd4 Ra8 71. Kc5 1-0

[Event "BCF-chT 0304 (4NCL)"]
[Site "West Bromwich"]
[Date "2004.03.21"]
[Round "6.8"]
[White "Bhatia, Kanwal K"]
[Black "Cooper, David M"]
[Result "1/2-1/2"]
[WhiteElo "2065"]
[BlackElo "1952"]
[PlyCount "60"]
[EventDate "2003.10.18"]
[EventType "team"]
[EventRounds "11"]
[EventCountry "ENG"]
[SourceTitle "EXT 2005"]
[Source "ChessBase"]
[SourceDate "2004.11.15"]
[SourceVersion "1"]
[SourceVersionDate "2004.11.15"]
[SourceQuality "1"]
[WhiteTeam "Barbican"]
[BlackTeam "Warwicks Select"]
[WhiteTeamCountry "ENG"]
[BlackTeamCountry "ENG"]

1. e4 e6 2. d4 d5 3. Nd2 Nf6 4. e5 Nfd7 5. f4 c5 6. c3 Nc6 7. Ndf3 cxd4 8. cxd4 f5 9. Bd3 Nb6 10. Ne2 a5 11. Bd2 Be7 12. Rc1 0-0 13. Kf2 Bd7 14. Qg1 Nb4 15. Bxb4 axb4 16. Bb1 Bb5 17. g4 Bxe2 18. Kxe2 Rc8 19. Qg3 Na4 20. gxf5 exf5 21. Rcg1 g6 22. h4 Rc6 23. h5 Kf7 24. hxg6+ hxg6 25. Qh3 Qb6 26. Qh7+ Ke8 27. Qg7 Nxb2 28. Rc1 Qa6+ 29. Kf2 Nc4 30. Rcg1 Qa3 1/2-1/2

[Event "BCF-chT3 0102 (4NCL)"]
[Site "Birmingham"]
[Date "2002.03.23"]
[Round "7.7"]
[White "Humphreys, Jerry"]
[Black "Cooper, David M"]
[Result "0-1"]
[WhiteElo "2087"]
[BlackElo "1880"]
[PlyCount "82"]
[EventDate "2001.09.??"]
[EventType "team"]
[EventRounds "11"]
[EventCountry "ENG"]
[SourceTitle "EXT 2003"]
[Source "ChessBase"]
[SourceDate "2002.11.25"]
[SourceVersion "1"]
[SourceVersionDate "2002.11.25"]
[SourceQuality "1"]
[WhiteTeam "Bristol II"]
[BlackTeam "Warwicks Select II"]
[WhiteTeamCountry "ENG"]
[BlackTeamCountry "ENG"]

1. Nf3 d5 2. g3 Nc6 3. d4 Bg4 4. Bg2 Qd7 5. Ne5 Nxe5 6. dxe5 e6 7. 0-0 Bc5 8. b4 Bb6 9. c4 c6 10. c5 Bc7 11. Bb2 Ne7 12. Nd2 a5 13. f3 Bh5 14. a3 b6 15. Qc2 Bg6 16. Qc3 bxc5 17. Qxc5 Ra6 18. Kh1 Bb6 19. Qd6 Nf5 20. Qb8+ Qd8 21. Qxd8+ Kxd8 22. bxa5 Bxa5 23. Nb3 Bb6 24. Rfc1 Ba7 25. e4 Ne3 26. exd5 cxd5 27. Nc5 Rc6 28. Bd4 Nc2 29. Nxe6+ Rxe6 30. Bxa7 Nxa1 31. Rxa1 Rxe5 32. Rc1 Rhe8 33. Bb6+ Kd7 34. Rc7+ Kd6 35. h4 Re1+ 36. Kh2 R1e2 37. Rc3 Bf5 38. Bc7+ Ke6 39. Bf4 Rc2 40. Rxc2 Bxc2 41. Bh3+ Kf6 0-1

[Event "BCF-chT3a 0001 (4NCL)"]
[Site "Birmingham"]
[Date "2001.03.17"]
[Round "7.7"]
[White "Cooper, David M"]
[Black "Cutmore, David M"]
[Result "1-0"]
[WhiteElo "1864"]
[BlackElo "1792"]
[PlyCount "74"]
[EventDate "2000.11.26"]
[EventType "team-tourn"]
[EventRounds "7"]
[EventCountry "ENG"]
[SourceTitle "EXT 2002"]
[Source "ChessBase"]
[SourceDate "2001.11.25"]
[SourceVersion "1"]
[SourceVersionDate "2001.11.25"]
[SourceQuality "1"]
[WhiteTeam "Warwicks Select"]
[BlackTeam "Wood Green III"]
[WhiteTeamCountry "ENG"]
[BlackTeamCountry "ENG"]

1. e4 e6 2. d4 c5 3. c3 d5 4. exd5 exd5 5. Be3 c4 6. b3 cxb3 7. axb3 Nf6 8. Nf3 Nc6 9. Bd3 Bd6 10. 0-0 0-0 11. h3 Ne7 12. Qc2 Ng6 13. Nbd2 Nh5 14. Rfe1 Bd7 15. c4 Bb4 16. Bg5 Qb6 17. c5 Qc7 18. Be7 Rfe8 19. Bd6 Qd8 20. Rxe8+ Bxe8 21. Nf1 Bd7 22. Ne3 Be6 23. Bxg6 hxg6 24. Qd3 a5 25. Qb5 b6 26. Be5 bxc5 27. dxc5 Rc8 28. c6 Qe8 29. Rc1 Bd7 30. cxd7 Rxc1+ 31. Kh2 Qd8 32. Nxd5 Rc5 33. Qb7 Nf6 34. Nxf6+ gxf6 35. Bxf6 Qxf6 36. Qb8+ Kg7 37. d8Q Rc8 1-0

[Event "BCF-chT3a 0001 (4NCL)"]
[Site "Birmingham"]
[Date "2001.01.27"]
[Round "5.6"]
[White "Payne, Robert"]
[Black "Cooper, David M"]
[Result "1/2-1/2"]
[WhiteElo "1688"]
[BlackElo "1864"]
[PlyCount "91"]
[EventDate "2000.11.26"]
[EventType "team-tourn"]
[EventRounds "7"]
[EventCountry "ENG"]
[SourceTitle "EXT 2002"]
[Source "ChessBase"]
[SourceDate "2001.11.25"]
[SourceVersion "1"]
[SourceVersionDate "2001.11.25"]
[SourceQuality "1"]
[WhiteTeam "NCCL"]
[BlackTeam "Warwicks Select"]
[WhiteTeamCountry "ENG"]
[BlackTeamCountry "ENG"]

1. d4 e6 2. Nf3 Nf6 3. Bg5 c5 4. e3 cxd4 5. exd4 Be7 6. Bd3 b6 7. Qe2 Bb7 8. Nbd2 Nc6 9. c3 0-0 10. 0-0 Rc8 11. Rfe1 h6 12. Bxf6 Bxf6 13. Qe4 g6 14. Qg4 Bg7 15. Ne5 Nxe5 16. dxe5 d6 17. exd6 Qxd6 18. Re3 h5 19. Qg5 Rc5 20. Qg3 Qxg3 21. hxg3 Rd8 22. Nb3 Rc7 23. Bb5 Rd5 24. Be2 Bh6 25. Rd3 Rxd3 26. Bxd3 Rd7 27. Be2 Bg7 28. Rd1 Rxd1+ 29. Bxd1 Kf8 30. Kf1 Ke7 31. Bf3 Bxf3 32. gxf3 e5 33. Nc1 Bh6 34. Nd3 Kd6 35. c4 f5 36. b4 e4 37. fxe4 fxe4 38. Ne1 Ke5 39. Nc2 Bc1 40. Ke2 g5 41. Kf1 Bb2 42. Kg2 Bc3 43. Kf1 a5 44. a3 axb4 45. axb4 Bd4 46. Kg2 1/2-1/2